000 00271nam a22001217a 4500
008 171220b xxu||||| |||| 00| 0 eng d
041 _aeng
080 _a61
100 _a4
101 _aSHM
245 _aMANUAL PULMANORY FUCTION TESTING
_cRUPPEL.G
942 _2udc
_cBK
999 _c39219
_d39219